Produktívne zložky spotreby domácností SR a ich aktuálny vývoj v kontexte blahobytu
Príjmová situácia na Slovensku. Hospodárska kríza a zmena štruktúry spotreby. Vývoj spotreby a jej produktívnych zložiek z mikroekonomického hľadiska. Čisté peňažné výdavky domácností na zdravie, rekreáciu a kultúru, vzdelanie (2004-2011). Vývoj spotreby a jej produktívnych zložiek z makroekonomické...
Salvato in:
| Autore principale: | |
|---|---|
| Natura: | Capitolo di libro |
| Lingua: | slovacco |
| Soggetti: | |
| Tags: |
Nessun Tag, puoi essere il primo ad aggiungerne!!
|
MARC
| LEADER | 00000nla a2200000 4500 | ||
|---|---|---|---|
| 001 | 0156654 | ||
| 005 | 20240502083349.3 | ||
| 041 | 0 | |a slo | |
| 044 | |a CZ | ||
| 245 | 1 | 0 | |a Produktívne zložky spotreby domácností SR a ich aktuálny vývoj v kontexte blahobytu |c Marianna Psárska |
| 520 | |a Príjmová situácia na Slovensku. Hospodárska kríza a zmena štruktúry spotreby. Vývoj spotreby a jej produktívnych zložiek z mikroekonomického hľadiska. Čisté peňažné výdavky domácností na zdravie, rekreáciu a kultúru, vzdelanie (2004-2011). Vývoj spotreby a jej produktívnych zložiek z makroekonomického hľadiska. | ||
| 610 | 2 | 0 | |a spotreba domácností |
| 610 | 2 | 0 | |a spotreba konečná |
| 610 | 2 | 0 | |a zdravie |
| 610 | 2 | 0 | |a vzdelávanie |
| 610 | 2 | 0 | |a kultúra |
| 610 | 2 | 0 | |a rekreácia |
| 610 | 2 | 0 | |a príjmy |
| 610 | 2 | 0 | |a úspory |
| 610 | 2 | 0 | |a výdavky |
| 610 | 2 | 0 | |a štatistika |
| 610 | 2 | 0 | |a účty rodinné |
| 610 | 2 | 0 | |a Slovensko |
| 100 | 1 | |a Psárska, Marianna | |